[Event "Mechanics' Bedjanian TNM; G/2 d/5"]
[Site "San Francisco"]
[Date "2018.11.13"]
[Round "4.8"]
[White "Winslow, Elliott C"]
[Black "Poling, Scott E"]
[Result "0-1"]
[WhiteElo "2308"]
[BlackElo "1823"]
[Annotator "Winslow,Elliott"]
[PlyCount "102"]
[EventDate "2018.??.??"]
[Source "ChessBase"]
[SourceDate "2007.09.04"]

1. d4 Nf6 2. c4 e6 3. Nc3 Bb4 4. e3 O-O 5. Bd3 c5 6. Nf3 b6 7. O-O cxd4 8. exd4
Bb7 9. Na4 (9. Bg5 h6 $1 (9... Bxc3 10. bxc3 d6)) 9... a6 $6 $146 (9... Be7 10.
Re1 (10. a3) (10. Bf4)) (9... Re8 10. a3 Bf8) 10. a3 Be7 (10... Bd6 11. Bg5)
11. h3 (11. Re1) (11. Re1) (11. b4) 11... d6 12. Re1 Nbd7 13. b4 Qc7 (13... a5)
(13... b5 14. cxb5 a5 $5 (14... axb5 15. Bxb5)) 14. Bf4 (14. d5 $1 e5 15. Nd4)
14... Rac8 15. Rc1 Qb8 16. Nc3 Qa8 17. d5 e5 18. a4 (18. Bg5) 18... a5 19. b5
$6 (19. bxa5 Qxa5 20. Nb5 Nc5 21. Bc2 $16) 19... Nc5 20. Bc2 (20. Bb1 $1) 20...
Rce8 (20... Nfd7) 21. Be3 Nfd7 22. g4 $16 Qd8 23. Kh2 Kh8 24. Rg1 (24. Qd2)
24... Bc8 25. Rg3 Rg8 26. g5 $6 g6 $11 27. Kg2 $2 f5 $17 28. gxf6 Nxf6 29. Ng5
Ref8 30. Rf3 $2 (30. Kh2) 30... Qd7 $2 (30... Nxd5 $19) 31. Nce4 $6 (31. Bxc5
dxc5 32. Ne6 Nh5 33. Nxf8 Nf4+ 34. Kh2 Rxf8 35. Rb1 $11) 31... Qe8 (31... Ncxe4
$15) 32. Nxf6 (32. Rxf6 Rxf6 33. Nxf6 Bxf6 34. Nxh7 Kxh7 35. Qh5+ Kg7 36. Qh6+
Kf7 37. Qh7+ Kf8 $19) 32... Bxf6 33. Ne4 $6 (33. Rg3) (33. Kh2) 33... Nxe4 34.
Bxe4 Qd8 35. Qd3 $6 (35. Qd2 Bf5 36. Bb1) 35... Bg5 $17 36. Kh2 Rxf3 37. Bxf3
Rf8 38. Qe2 $2 (38. Bg2 Bf4+ (38... Rxf2 39. Bxf2 Bxc1 $15) 39. Kg1 Qg5) 38...
Qf6 (38... Bxe3 39. Qxe3 Qh4 $19) (38... Bf4+ 39. Bxf4 Rxf4 $19) 39. Bg2 Bf4+
40. Kg1 Qg5 41. Bxf4 Rxf4 42. Rc3 $2 (42. Qe3) 42... Rd4 $19 43. Re3 $6 Bf5 $6
(43... Kg7) 44. Qb2 $2 Rd1+ 45. Kh2 Qf4+ 46. Rg3 Rd2 47. Qc3 Qxf2 (47... Rxf2)
48. Qf3 Qxf3 49. Rxf3 Be4 50. Rg3 Rc2 51. c5 dxc5 {Flag} 0-1

[Event "Mechanics' Winter TNM; G/2 d5"]
[Site "San Francisco"]
[Date "2018.01.09"]
[Round "1.1"]
[White "Winslow, Elliott C"]
[Black "Rakonitz, David"]
[Result "1-0"]
[WhiteElo "2311"]
[BlackElo "1595"]
[Annotator "Winslow,Elliott"]
[PlyCount "61"]
[EventDate "2018.??.??"]
[Source "ChessBase"]
[SourceDate "2007.09.04"]

1. d4 Nf6 2. c4 e6 3. Nf3 b6 4. Nc3 Bb7 (4... Bb4) 5. a3 d5 6. cxd5 exd5 (6...
Nxd5) 7. Bf4 (7. Bg5) (7. Qa4+) (7. g3) 7... Bd6 (7... Be7) (7... a6) 8. Ne5 {
rare (like 8 games in 168)} (8. Bxd6 Qxd6 9. Rc1 (9. e3) 9... a6 (9... c6 10.
e3) 10. e3) (8. Bg3) (8. g3) 8... O-O (8... Nh5 9. Qa4+ c6 {
Perhaps this is why it's rare...} 10. Bg3 O-O 11. e3 Re8 12. Nf3 Nxg3 13. hxg3
Nd7 14. Bd3 g6 15. O-O Nf6 16. Rfe1 c5 {
1/2-1/2 (16) Gretarsson,H (2450)-Davies,N (2510) Gausdal 1994}) 9. e3 a6 (9...
Nbd7 10. Bb5 (10. Rc1 a6 11. Be2 Re8 12. Nd3 Nf8 {
(Mover order, Hatchatrian - Lukinov below)}) 10... Bxe5 11. dxe5 Ne8 12. Bg3 c6
13. Be2 Qe7 14. f4 Nc7 15. e4 f6 16. exf6 Nxf6 17. e5 Nd7 18. O-O g5 19. f5
Nxe5 20. Qd4 Rae8 21. Bh5 Qf6 22. Qa4 Re7 23. Qxa7 Ba6 24. Rfe1 Qxf5 25. h3 Bb5
26. Rxe5 Rxe5 27. Qxc7 Re3 28. Bg4 Qc2 29. Nxd5 Qxb2 30. Nxe3 Qxa1+ 31. Kh2 Qd4
32. Be6+ Kh8 33. Be5+ {1-0 (33) Gretarsson,H (2465)-Berg,E (2215) Gausdal 1996}
) (9... c5 10. Bb5 (10. Be2 Nc6 11. Qa4 cxd4 12. exd4 Re8 13. Nxc6 Bxc6 14.
Qxc6 Bxf4 15. g3 Bh6 16. O-O Bd2 17. Ba6 Re6 18. Qb5 Bxc3 19. bxc3 Ne4 20. Qd3
Qf6 21. a4 Rd8 22. Ra2 h5 23. Re2 h4 24. f3 Nd6 25. Rfe1 Rde8 26. Kg2 hxg3 27.
hxg3 g6 28. Qd2 Nf5 29. Bd3 Ng7 30. Bb5 Rxe2+ 31. Rxe2 Rxe2+ 32. Bxe2 Qd6 33.
Bd3 Nh5 34. Qe1 Kf8 35. Bb5 Nf6 36. Qe3 Qe7 37. Kf2 Qxe3+ 38. Kxe3 Ke7 39. c4
dxc4 40. Bxc4 Ne8 41. g4 {
1/2-1/2 (41) Gretarsson,H (2440)-Gligoric,S (2455) Reykjavik 1995}) 10... Na6 (
10... Qe7 11. O-O Rd8 12. Re1 c4 13. Qf3 a6 14. Ba4 b5 15. Bc2 Nbd7 16. Nxd7
Qxd7 17. Bg5 Be7 18. Bf5 Qc6 19. Qh3 g6 20. Bc2 Re8 21. f3 Qb6 22. Qh4 a5 23.
Rad1 b4 24. Na4 Qc6 25. Nc5 Bxc5 26. Bxf6 Ra6 27. Bg5 f6 28. Bh6 Bd6 29. Kh1
Bc7 30. e4 Qd7 31. Bd2 bxa3 32. bxa3 Rae6 33. Bc3 Qd6 34. Ba4 Bc6 35. Bxc6 Qxc6
36. exd5 Qxd5 37. Rxe6 Rxe6 38. Re1 a4 39. Qf2 Qd6 40. g3 Kf7 41. Bb4 Qc6 42.
Kg2 Rxe1 43. Qxe1 Bd6 44. Bxd6 Qxd6 45. Qe4 Qxa3 46. d5 c3 47. Qe6+ Kg7 48.
Qd7+ Kf8 {1/2-1/2 (48) Blasovszky,I (2220)-Gacso,T (2240) Hungary 1994}) 11.
O-O cxd4 12. exd4 Nc7 13. Ba4 Ne4 14. Re1 Nxc3 15. bxc3 f6 16. Nd3 Ba6 17. Qf3
Bxd3 18. Bxd6 Qxd6 19. Qxd3 g6 20. h4 Rf7 21. h5 Rg7 22. hxg6 hxg6 23. Re3 Kf7
24. Rh3 Ne6 25. Qa6 Kg8 26. Re1 Nc7 27. Qe2 Qxa3 28. Bc6 Rd8 29. c4 Qd6 30.
cxd5 Nxd5 31. Qc4 Rc7 32. Bxd5+ Kg7 33. Qd3 Qxd5 34. Qg3 Rdc8 35. Qh4 Qh5 36.
Qf4 Qg5 37. Qh2 {1-0 (37) Christiansen,L (2600) -Huebner,R (2615) Bayern 1991})
10. Be2 $146 (10. Bd3 Nbd7 (10... Re8 11. g4 Nbd7 12. g5 Bxe5 13. dxe5 Ne4 14.
Qc2 Nxe5 15. O-O-O Nxd3+ 16. Rxd3 Nxc3 17. bxc3 Qe7 18. Kb2 d4 19. Rg1 Be4 20.
cxd4 c5 21. Qc3 Bxd3 22. Qxd3 cxd4 23. Qxd4 Rad8 24. Qc3 Rd5 25. Rc1 Rc5 26.
Qd4 Rxc1 27. Bd6 Rc4 28. Qd5 Qe4 {
0-1 (28) Nazarevskiy,S-Karnaukh,A (2225) Kiev 2001}) 11. Bf5 Re8 12. Nd3 Bxf4
13. Nxf4 Nf8 14. O-O Qd6 15. Rc1 Re7 16. Qf3 Ng6 17. Bxg6 hxg6 18. Rfd1 g5 19.
Nd3 g6 20. Ne5 Kg7 21. Qg3 g4 22. Na4 Rh8 23. Nc6 Qxg3 24. hxg3 Bxc6 25. Rxc6
Ne8 26. Rdc1 Kf8 27. b4 f6 28. Nb2 Reh7 29. Kf1 Rh1+ 30. Ke2 Rxc1 31. Rxc1 Ke7
32. a4 Kd7 33. Nd3 g5 34. a5 Nd6 35. Ra1 Ra8 36. Rh1 Ne4 37. Rh7+ Kc6 38. Rf7
Rh8 39. axb6 cxb6 40. Ra7 Rh2 41. Rxa6 Rxg2 42. Kf1 Rh2 43. Kg1 Rh8 44. Ra2 Kb5
45. Rc2 Ra8 46. Kf1 Ra3 47. Ke2 Ra2 48. Rxa2 Nc3+ 49. Kd2 Nxa2 50. Nb2 Nxb4 51.
Kc3 Nc6 52. Kb3 Na5+ 53. Kc3 Nb7 54. Nd3 Kc6 55. Nb4+ Kd6 56. Na2 Ke6 57. Kb4
Nd6 58. Nc3 f5 59. Ka4 f4 60. exf4 gxf4 61. gxf4 Ne4 62. Nd1 Kf5 63. Ne3+ Kxf4
64. Nxd5+ Kf3 65. Ne3 Nd6 66. Nd1 Ke2 67. Ne3 g3 {
0-1 (67) Hatchatrian,S (2266) -Knyazev,A Dnipropetrovsk 2005}) 10... Nbd7 11.
Rc1 Re8 12. Nd3 Bxf4 (12... Nf8 {(Mover order, Hatchatrian - Lukinov below)}
13. O-O Ne6 14. Bg3 Bxg3 15. hxg3 Qd6 16. b4 Ng5 17. Qb3 h5 18. Nf4 g6 19. Rfe1
Kg7 20. Nb1 Nge4 21. Qc2 Re7 22. Nd2 Nxd2 23. Qxd2 Rh8 24. Bf3 g5 25. Nd3 g4
26. Bd1 Ne4 27. Qe2 f5 28. Nf4 Qh6 29. Bc2 Nd6 30. Bd3 h4 31. Rc3 c6 32. Rec1
Rhe8 33. Bb1 Qg5 34. gxh4 Qxh4 35. g3 Qh6 36. Bxf5 Qxf4 37. gxf4 Nxf5 38. Qxg4+
{1-0 (38) Hatchatrian,S (2266) -Lukinov,D Alushta 2006}) 13. Nxf4 c5 14. Bf3
Nf8 15. dxc5 bxc5 16. Nfxd5 (16. O-O Rb8 17. Nfxd5 Nxd5 18. Bxd5 Bxd5 19. Nxd5
Rxb2 20. Rxc5 $16) 16... Nxd5 17. Bxd5 Bxd5 18. Qxd5 (18. Nxd5 $142 Ra7 19. Nc3
Rd7 20. Qc2) 18... Ne6 $6 (18... Qb6 19. Qd2 (19. Rc2 Qg6 20. Rd2 Rad8 21. Qb7
(21. Qxd8 Rxd8 22. Rxd8 Qxg2 23. Rf1 Qxh2 $15)) 19... Rad8 20. Qc2 $16) 19. O-O
Qc7 20. Rc2 Red8 21. Qf5 (21. Qe4) 21... Qd6 (21... Qb7) 22. h4 Rac8 (22... Qc6
23. Qe4) 23. Rd1 Qc6 (23... Qe7 $8 $17) 24. Nd5 Rd7 25. Rcd2 Qb7 $4 {[#]} (
25... Nd4 $5 26. Nf6+ $1 gxf6 27. exd4 cxd4 28. Rxd4 Rxd4 29. Rxd4 $18) 26.
Nf6+ $1 gxf6 27. Rxd7 Qxb2 {[#]} 28. Rxf7 $1 Kxf7 29. Rd7+ Kf8 30. Qxh7 Qa1+
31. Kh2 1-0

[Event "Mechanics' Spring TNM; G/2 d5"]
[Site "San Francisco"]
[Date "2018.04.03"]
[Round "3.2"]
[White "Winslow, Elliott C"]
[Black "Singh, Amitoj P"]
[Result "1-0"]
[WhiteElo "2323"]
[BlackElo "1710"]
[Annotator "Winslow,Elliott"]
[PlyCount "101"]
[EventDate "2018.??.??"]
[Source "ChessBase"]
[SourceDate "2007.09.04"]

1. c4 c5 2. Nc3 Nc6 (2... Nf6) (2... g6) (2... b6) 3. Nf3 (3. g3) (3. e3) 3...
Nf6 (3... g6) (3... e5) (3... Nd4) 4. e3 (4. g3) (4. d4) 4... e5 $5 (4... e6) (
4... g6) (4... d5) 5. a3 (5. d4 e4) (5. Be2) 5... d5 (5... Be7) 6. cxd5 Nxd5 7.
Qc2 Be6 (7... Nxc3) (7... Be7) 8. Bb5 Nxc3 (8... f6 9. d4 (9. Bxc6+ bxc6 10. d3
Nxc3 11. Qxc3 Rb8 12. Nd2 Qd7 13. Nc4 Be7 14. e4 O-O 15. Be3 Rb5 16. O-O Rfb8
17. Rfd1 Bf8 18. Rac1 Qf7 19. Rc2 Bxc4 20. dxc4 Rb3 21. Qd2 Qb7 22. h3 Rxb2 23.
Rxb2 Qxb2 24. Qxb2 Rxb2 25. Rd8 Kf7 26. Rd7+ Ke6 27. Rxa7 Rc2 28. Ra4 f5 29.
exf5+ Kxf5 30. Ra7 Ke6 31. Kf1 Rxc4 32. Ke2 e4 33. Kd2 h5 34. a4 Be7 35. a5 Bf6
36. a6 Kd5 37. Rd7+ Ke6 38. Rc7 Kd5 39. Rd7+ Ke6 {
1/2-1/2 (39) Velikov,P (2422) -Nikolov,M (2400) Sunny Beach 2005}) 9... Nxc3
10. bxc3 Bd6 11. dxe5 fxe5 12. Bd3 g6 13. Rb1 Qe7 14. Be4 c4 15. h4 O-O-O 16.
Bxc6 bxc6 17. Qa4 Bd5 18. e4 Bxe4 19. Bg5 Qe6 20. Qa6+ Kd7 21. Rb7+ Bc7 22.
Bxd8 Rxd8 23. Qxa7 Qd6 24. O-O Bd3 25. Rxc7+ Qxc7 26. Nxe5+ Kc8 27. Qa8+ {
1-0 (27) Sulava,N (2459)-Rade,M (2451) Sibenik 2016}) (8... Qc7 9. Ng5 Be7 10.
Nxe6 fxe6 11. Ne4 Qb6 12. Be2 O-O 13. O-O Na5 14. d3 Nf6 15. Nd2 Rfd8 16. b3
Qa6 17. Bb2 Qd6 18. Rfd1 Rac8 19. Rac1 b5 20. Ba1 a6 21. Qb2 Nd7 22. Ne4 Qb8
23. Bg4 Rc6 24. Be2 Rcc8 {
1/2-1/2 (24) Bonn,T (2035)-Graca,R (1893) Aix les Bains 2006}) 9. Qxc3 $6 (9.
dxc3) (9. bxc3) 9... f6 10. d4 exd4 11. exd4 Qb6 12. Bxc6+ Qxc6 13. O-O Bd5 14.
Re1+ Kf7 15. Be3 c4 16. Nd2 Bxg2 17. f3 Bh3 18. Qxc4+ Qxc4 (18... Be6) 19. Nxc4
Rc8 (19... Be6 20. Rac1 Bd5) 20. Rac1 Be6 21. d5 Bf5 (21... Bxd5 22. Ne5+ fxe5
23. Rxc8 Bxf3 24. Bxa7) (21... Bd7) 22. Bxa7 (22. Na5) 22... b5 23. Ne3 Bd7 24.
Rxc8 Bxc8 25. Rc1 Bd6 26. Rc6 Bf4 (26... Ke7) (26... Be5) 27. Nc2 $6 (27. Ng2
$1 Be5 28. f4 $1 Bxb2 29. Rc7+ Kg6 30. Bc5 Rd8 31. d6 Kf5 32. Rxg7 Rd7 33. Rg3
$14) 27... Bd7 (27... Bb7) 28. Rc3 Re8 29. Be3 Be5 30. Bd4 Bf4 31. Ne3 $6 Bxe3+
$6 (31... h5) (31... Bh3) 32. Bxe3 (32. Rxe3 Rxe3 33. Bxe3 Bc8 34. Kf2 Bb7 35.
d6 Ke6 36. Bc5 Bc6 37. Ke3 h5) 32... Rc8 $2 (32... Re5 33. d6 Ke6 (33... h5) (
33... h6) (33... Rd5 34. Bc5 Rd1+ 35. Kf2 Rd2+ 36. Ke1 Rxh2 37. Re3 Rh5 38.
Re7+ Kg6 39. Rxd7 Rxc5 40. Rb7 h5 41. d7 Rd5 42. Rxb5 Rxd7 43. a4)) 33. Rd3 $2
(33. Bc5 $14) 33... Rc2 34. Rd2 Rxd2 35. Bxd2 {[#]} f5 $4 (35... Bc8 36. Kf2
Bb7 37. d6 Ke6 38. Bb4 Bc6 (38... g5 39. Ke3 Bc6 40. Kd4) 39. Ke3 Kd5 40. b3 g5
41. Bc3 f5 42. Bf6 g4 43. fxg4 fxg4 44. Be7) 36. Kf2 h6 37. f4 Ke7 38. Bb4+ Kf6
39. Bc3+ Kf7 $6 (39... Ke7 40. Bxg7 Kd6) 40. h4 g6 $6 41. Ke3 Ke7 42. Bg7 h5 (
42... g5 43. fxg5) 43. Be5 Be8 44. Kd4 Kd7 45. Kc5 Kc8 46. Kb6 Bd7 47. b3 Be8
48. Kc5 Kb7 49. Kd6 Kc8 50. Ke7 Bd7 51. Kf7 1-0

[Event "Mechanics' Winter TNM; G/2 d5"]
[Site "San Francisco"]
[Date "2018.02.20"]
[Round "7.1"]
[White "Winslow, Elliott C"]
[Black "Stearman, Josiah P"]
[Result "0-1"]
[WhiteElo "2311"]
[BlackElo "2362"]
[Annotator "Donaldson"]
[PlyCount "118"]
[EventDate "2018.??.??"]
[Source "ChessBase"]
[SourceDate "2007.09.04"]

1. d4 d5 2. c4 c6 3. Nf3 Nf6 4. Nc3 dxc4 5. a4 Bf5 6. Nh4 Be4 $6 (6... Bd7) (
6... Bg4) (6... Bc8) (6... e6) 7. f3 Bg6 8. Nxg6 hxg6 9. e4 e6 10. Be3 Qc7 11.
g3 Nbd7 12. Bxc4 Bb4 13. Qb3 Qa5 14. Kf2 Nb6 15. Be2 Rd8 16. h4 O-O 17. Rhd1
Rd7 (17... c5 18. dxc5 Bxc5 19. Rxd8 Rxd8 20. Qb5 $16) 18. Na2 Be7 19. Qc3 Qh5
20. a5 Nc8 21. a6 $1 Nd6 22. Qc2 Nb5 23. Kg2 bxa6 24. g4 (24. Nc3 $18) 24...
Qh7 25. Qxc6 Rfd8 26. Qxa6 (26. d5 $1 exd5 27. e5 Ne8 28. Bxb5 axb5 29. Nc3 $16
) 26... Nxd4 27. Bxd4 Rxd4 28. Rxd4 (28. Qxa7) 28... Rxd4 29. Qxa7 Rd2 30. Nc3
Bf8 {At this point White had thirty minutes remaining for the game while Black
had 30 seconds plus five second delay.} (30... Nd7) 31. Qe3 Rxb2 32. Ra8 (32.
g5 $1 Nd7 (32... Rc2) 33. Ra7 Nc5 34. Ra8 Nd7 35. Kg3 {leaves Black paralyzed.}
) 32... Qxh4 {Black grabs the chance to activate his queen.} 33. Nd1 Rb1 (33...
Rb7 {was safer.}) 34. Qd3 $1 {
threatening not only the rook but also Qd6 or Qd8.} Rxd1 35. Bxd1 Nh7 {
Black's position is still tough to crack.} 36. Ba4 {White wants to attack f7.}
Qe7 37. Bb3 Qb4 38. Qe3 Nf6 39. e5 Nd7 40. f4 $2 (40. Rd8 Nxe5 $4 41. Qxe5 Qxb3
42. Qd6 $18) 40... Nc5 ({The immediate} 40... g5 $1 {is even stronger.}) 41.
Bc2 Qb7+ 42. Qf3 Qd7 43. Kg3 Qd4 44. Kh3 Qd2 45. Ra2 Qd4 46. Bd1 Qc4 47. Rd2
Kh7 $2 (47... g5 $1 48. fxg5 $2 Ne4 $17) 48. Bc2 (48. Rd8) 48... Be7 49. Kh2 (
49. g5) 49... Qb4 50. Re2 Kg8 51. f5 {
White is still playing for a win, but starting to get low on time himself.}
exf5 52. gxf5 gxf5 53. Bxf5 g6 54. Bg4 Kg7 55. Rf2 Qc4 56. e6 $2 f6 57. Rd2
Nxe6 58. Bxe6 Qxe6 59. Qd5 Kf7 {Both players were done to a few second plus
the five second delay the last few moves, but only here did Elliott stop
recording. The queens were soon exchanged, and in a drawn ending White soon
put his rook on a3, where it was captured. This was a tough loss for IM
Winslow, who had played by far the strongest field to date, and had beaten NMs
O'Conner and Chambers and drawn with NM Shaw.} 0-1

[Event "Mechanics' Bedjanian TNM; G/2 d/5"]
[Site "San Francisco"]
[Date "2018.10.30"]
[Round "2.2"]
[White "Winslow, Elliott C"]
[Black "Uribe, Luiz Antoni"]
[Result "0-1"]
[WhiteElo "2308"]
[BlackElo "1829"]
[PlyCount "94"]
[EventDate "2018.??.??"]
[Source "ChessBase"]
[SourceDate "2007.09.04"]

1. e4 c5 2. Nf3 Nc6 3. d4 cxd4 4. Nxd4 Qb6 5. Nb3 Nf6 6. Nc3 e6 7. Bd3 a6 8.
Qe2 d6 9. f4 Qc7 10. O-O b5 11. a4 b4 12. Nd1 Be7 13. a5 O-O 14. Be3 Nd7 15.
Rf3 Nc5 16. Bxc5 dxc5 17. Ne3 Bb7 18. e5 g6 19. Rg3 Rfd8 20. Nc4 Nd4 21. Nxd4
Rxd4 22. f5 exf5 23. e6 Bh4 24. Re3 {Diagram [#]} Rg4 $1 25. exf7+ Kg7 26. g3
Qc6 27. Rf1 Qh1+ 28. Kf2 Qxh2+ 29. Ke1 Bxg3+ 30. Kd1 Qxe2+ 31. Bxe2 Rd4+ 32.
Bd3 Bd6 33. c3 bxc3 34. bxc3 Rd5 35. Nb6 c4 36. Nxc4 Bc5 37. Rg3 Rad8 38. Ke2
Kxf7 39. Nd2 Re5+ 40. Kd1 Re3 41. Bc4+ Kf6 42. Rg4 Rxc3 43. Ke2 Re8+ 44. Kd1
Kg7 45. Rh4 Be4 46. Bxa6 Bc2+ 47. Kc1 Bd3+ 0-1

[Event "Mechanics' Vartan Bedjanian TNM; G/2 d/"]
[Site "San Francisco"]
[Date "2018.11.07"]
[Round "3.16"]
[White "Wong, Russell"]
[Black "Agdamag, Samuel"]
[Result "1-0"]
[WhiteElo "2200"]
[BlackElo "1584"]
[Annotator "Winslow,Elliott"]
[PlyCount "95"]
[EventDate "2018.??.??"]
[Source "ChessBase"]
[SourceDate "2007.09.04"]

1. e4 d5 2. exd5 Qxd5 3. d4 Nf6 4. Nc3 Qd8 5. Nf3 Bg4 6. Be2 e6 7. h3 Bf5 8.
O-O c6 9. Nh4 Bg6 10. Re1 Be7 11. a4 Nbd7 12. a5 Nd5 13. Nxg6 Nxc3 14. bxc3
hxg6 15. a6 b6 16. Bf3 Rc8 17. Bf4 Bg5 18. Bd6 Be7 19. Bxe7 Qxe7 20. c4 Qg5 21.
d5 cxd5 22. cxd5 e5 23. Ra4 Rxh3 $4 24. Rg4 Rh1+ 25. Kxh1 Qh6+ 26. Kg1 Ke7 27.
d6+ Kd8 28. Rg3 Qh8 29. Bg4 f5 30. Be2 Rc5 31. Rxg6 Qh7 32. Rg3 Nf6 33. c4 e4
34. f3 Qh6 35. Qd4 Qh4 36. Qf2 e3 37. Qxe3 Ne4 38. fxe4 f4 {[#]} 39. Bg4 fxe3
40. Rf1 Qh8 41. Rgf3 Ke8 42. d7+ Ke7 43. Rf7+ Kd6 44. Rf8 Qh4 45. Rd1+ Ke5 46.
d8=Q Qxd8 47. Rdxd8 Rxc4 48. Rd5+ 1-0

[Event "Mechanics' Bedjanian TNM; G/2 d/5"]
[Site "San Francisco"]
[Date "2018.11.20"]
[Round "5.6"]
[White "Wong, Russell"]
[Black "Argo, Guy"]
[Result "1/2-1/2"]
[WhiteElo "2200"]
[BlackElo "1912"]
[PlyCount "48"]
[EventDate "2018.??.??"]
[Source "ChessBase"]
[SourceDate "2007.09.04"]

1. c4 e5 2. g3 Nc6 3. Bg2 f5 4. Nc3 Nf6 5. d3 Bb4 6. Bd2 O-O 7. a3 Bxc3 8. Bxc3
d6 9. e3 f4 10. Qd2 fxe3 11. fxe3 d5 12. cxd5 Nxd5 13. Nf3 Qd6 14. O-O Bg4 15.
d4 Bxf3 16. Bxf3 {[#]} Nxe3 17. Qxe3 exd4 18. Bxd4 Nxd4 19. Bxb7 Rfe8 20. Qf2
Rab8 21. Rad1 c5 22. b4 Rxb7 23. bxc5 Qxc5 24. Qxd4 Qxd4+ 1/2-1/2

[Event "Mechanics' Spring TNM; G/2 d5"]
[Site "San Francisco"]
[Date "2018.04.24"]
[Round "6.9"]
[White "Wong, Russell"]
[Black "Askin, David"]
[Result "0-1"]
[WhiteElo "2200"]
[BlackElo "1936"]
[PlyCount "52"]
[EventDate "2018.??.??"]
[Source "ChessBase"]
[SourceDate "2007.09.04"]

1. e4 c6 2. d3 d5 3. Nd2 e5 4. Ngf3 Bd6 5. d4 exd4 6. Bd3 c5 7. O-O Ne7 8. exd5
O-O 9. Bxh7+ $4 Kxh7 10. Ng5+ Kg8 11. Qh5 Bf5 12. f4 Nxd5 13. Rf3 Nf6 14. Qh4
Nc6 15. Nde4 Re8 16. Nxf6+ Qxf6 17. g4 Qh6 18. Qg3 Qxg5 19. fxg5 Bxg3 20. gxf5
Re1+ 21. Kg2 Bd6 22. f6 Rae8 23. h4 R8e2+ 24. Rf2 Rxf2+ 25. Kxf2 Rh1 26. Kg2
Rd1 0-1

[Event "Mechanics' Winter TNM; G/2 d5"]
[Site "San Francisco"]
[Date "2018.01.16"]
[Round "2.6"]
[White "Wong, Russell"]
[Black "Babayan, Gagik"]
[Result "1-0"]
[WhiteElo "2200"]
[BlackElo "1718"]
[Annotator "Donaldson"]
[PlyCount "57"]
[EventDate "2018.??.??"]
[Source "ChessBase"]
[SourceDate "2007.09.04"]

1. e4 e6 2. Qe2 c5 3. Nf3 Be7 4. g3 Nc6 5. Bg2 d6 6. O-O Qc7 7. c3 e5 8. Na3
Nf6 9. d4 cxd4 10. cxd4 Bg4 11. d5 Nd4 12. Qd3 Bxf3 13. Bxf3 O-O 14. Bd2 Qd7
15. Bg2 a6 16. f4 Bd8 17. fxe5 dxe5 18. Nc4 Re8 19. Be3 (19. Nxe5) 19... b5 $2
(19... Bc7) 20. Nxe5 Rxe5 21. Bxd4 Re8 22. Rf5 Rc8 23. Raf1 Ng4 24. Bh3 Nf6 25.
e5 Rc4 26. exf6 g6 27. Re5 Rxe5 28. Bxd7 Rxd5 29. Qe4 1-0

[Event "Mechanics' Shipman TNM; G/2 d/5"]
[Site "San Francisco"]
[Date "2018.08.14"]
[Round "2.2"]
[White "Wong, Russell"]
[Black "Campers Jr, Willie"]
[Result "1-0"]
[WhiteElo "2200"]
[BlackElo "1729"]
[PlyCount "51"]
[EventDate "2018.??.??"]
[Source "ChessBase"]
[SourceDate "2007.09.04"]

1. e4 e6 2. Qe2 c5 3. Nf3 Nc6 4. c3 e5 5. g3 d6 6. Bg2 Nf6 7. O-O Be7 8. h3 O-O
9. Rd1 Qa5 10. d4 b6 11. Bd2 Qa6 12. Qe3 Na5 13. Na3 Bd7 $2 14. dxe5 dxe5 15.
Nxe5 Be8 16. c4 Rd8 17. Bc3 Nb7 18. Rxd8 Nxd8 19. Rd1 Ne6 20. Nd3 Bc6 21. e5
Bxg2 22. exf6 Bxh3 23. fxe7 Re8 24. Nf4 Nxf4 25. gxf4 Qc8 26. Rd8 1-0

[Event "Mechanics' Summer TNM; G/2 d/5"]
[Site "San Francisco"]
[Date "2018.06.12"]
[Round "3.16"]
[White "Wong, Russell"]
[Black "Cohee, James"]
[Result "1-0"]
[WhiteElo "2200"]
[BlackElo "1613"]
[PlyCount "53"]
[EventDate "2018.??.??"]
[Source "ChessBase"]
[SourceDate "2007.09.04"]

1. e4 c5 2. Nc3 e6 3. Nf3 Nc6 4. d4 cxd4 5. Nxd4 Qc7 6. Be2 a6 7. a3 Nf6 8. O-O
Bd6 9. g3 Nxd4 10. Qxd4 Be5 11. Qe3 Bxc3 12. bxc3 O-O 13. Bb2 d5 14. e5 Ne4 15.
c4 Bd7 16. cxd5 exd5 17. c4 Rfe8 18. cxd5 Nc5 19. Rac1 b6 20. Rfd1 Qd8 21. Bd4
Qe7 22. d6 Qe6 23. Bxc5 bxc5 24. Rxc5 Rac8 25. Bc4 Qxc4 26. Rxc4 Rxc4 27. Qa7
1-0

[Event "Mechanics' Shipman TNM; G/2 d/5"]
[Site "San Francisco"]
[Date "2018.09.18"]
[Round "7.7"]
[White "Wong, Russell"]
[Black "Hakobyan, Sos"]
[Result "1/2-1/2"]
[WhiteElo "2200"]
[BlackElo "1817"]
[PlyCount "90"]
[EventDate "2018.??.??"]
[Source "ChessBase"]
[SourceDate "2007.09.04"]

1. e4 c6 2. d4 d5 3. Nc3 dxe4 4. Nxe4 Nf6 5. Nxf6+ exf6 6. Nf3 g6 7. Bc4 Qe7+
8. Be2 Bg7 9. O-O O-O 10. c3 Be6 11. a4 Re8 12. Re1 Qd7 13. a5 g5 14. Be3 h6
15. b4 Qc7 16. Nd2 f5 17. Nb3 Nd7 18. Bd3 b6 19. Bc2 Nf6 20. f3 Rad8 21. Qb1 f4
22. Bd2 Nd5 23. axb6 axb6 24. Ra6 Qb7 25. Qa2 Ra8 26. Rxa8 Rxa8 27. Qb2 Rd8 28.
Bb1 Qa6 29. Qc2 Nf6 30. h4 Qa4 31. Nc1 Qxc2 32. Bxc2 c5 33. hxg5 hxg5 34. bxc5
bxc5 35. Re5 cxd4 36. Rxg5 Nh7 37. Rc5 dxc3 38. Bxc3 Bxc3 39. Rxc3 Rd4 40. Ne2
Rb4 41. Ra3 Nf6 42. Ra4 Rxa4 43. Bxa4 Nh5 44. Bb5 Kg7 45. Kf2 Kf6 1/2-1/2